<?xml version="1.0" encoding="UTF-8"?>
<record
    xmlns:xsi="http://www.w3.org/2001/XMLSchema-instance"
    xsi:schemaLocation="http://www.loc.gov/MARC21/slim http://www.loc.gov/standards/marcxml/schema/MARC21slim.xsd"
    xmlns="http://www.loc.gov/MARC21/slim">

  <leader>00906nam a2200277 a 4500</leader>
  <controlfield tag="001">BRL_1241</controlfield>
  <controlfield tag="005">20190320211114.0</controlfield>
  <controlfield tag="008">041213s2000----mx-ao####c---#000-0#spa-#</controlfield>
  <datafield tag="041" ind1=" " ind2=" ">
    <subfield code="a">spa</subfield>
  </datafield>
  <datafield tag="044" ind1=" " ind2=" ">
    <subfield code="a">mx</subfield>
  </datafield>
  <datafield tag="050" ind1=" " ind2="4">
    <subfield code="a">ND259.S56</subfield>
    <subfield code="b">.F67 2000</subfield>
  </datafield>
  <datafield tag="100" ind1="1" ind2=" ">
    <subfield code="a">Shore, Aviva</subfield>
    <subfield code="d">1955-</subfield>
    <subfield code="9">26245</subfield>
  </datafield>
  <datafield tag="245" ind1="1" ind2="0">
    <subfield code="a">Fortaleza ante la adversidad</subfield>
    <subfield code="c">Aviva Shore ; texto Jos&#xE9; Agust&#xED;n, Carlos Foyo Mart&#xED;nez y Miguel Angel Mu&#xF1;oz.</subfield>
  </datafield>
  <datafield tag="250" ind1=" " ind2=" ">
    <subfield code="a">2a ed.</subfield>
  </datafield>
  <datafield tag="260" ind1=" " ind2=" ">
    <subfield code="a">M&#xE9;xico</subfield>
    <subfield code="b">Conaculta, INAH, AeroMexico</subfield>
    <subfield code="c">2000</subfield>
  </datafield>
  <datafield tag="300" ind1=" " ind2=" ">
    <subfield code="a">40 p.</subfield>
    <subfield code="b">il. (algunas a color)</subfield>
    <subfield code="c">28 cm.</subfield>
  </datafield>
  <datafield tag="500" ind1=" " ind2=" ">
    <subfield code="a">Au1428</subfield>
  </datafield>
  <datafield tag="600" ind1="1" ind2="4">
    <subfield code="a">Shore, Aviva</subfield>
    <subfield code="d">1955-</subfield>
    <subfield code="v">Exposiciones</subfield>
    <subfield code="9">26246</subfield>
  </datafield>
  <datafield tag="650" ind1="1" ind2="4">
    <subfield code="a">Pintores mexicanos</subfield>
    <subfield code="v">Exposiciones</subfield>
    <subfield code="9">23226</subfield>
  </datafield>
  <datafield tag="650" ind1="1" ind2="4">
    <subfield code="a">Naturaleza en el arte</subfield>
    <subfield code="v">Exposiciones</subfield>
    <subfield code="9">26247</subfield>
  </datafield>
  <datafield tag="700" ind1="1" ind2=" ">
    <subfield code="a">Agust&#xED;n, Jos&#xE9;</subfield>
    <subfield code="9">26248</subfield>
  </datafield>
  <datafield tag="700" ind1="1" ind2=" ">
    <subfield code="a">Foyo Mart&#xED;nez, Carlos</subfield>
    <subfield code="9">26249</subfield>
  </datafield>
  <datafield tag="700" ind1="1" ind2=" ">
    <subfield code="a">Mu&#xF1;oz, Miguel Angel</subfield>
    <subfield code="9">26250</subfield>
  </datafield>
  <datafield tag="902" ind1=" " ind2=" ">
    <subfield code="a">GRL</subfield>
  </datafield>
  <datafield tag="942" ind1=" " ind2=" ">
    <subfield code="2">lcc</subfield>
    <subfield code="c">B</subfield>
  </datafield>
  <datafield tag="999" ind1=" " ind2=" ">
    <subfield code="c">10053</subfield>
    <subfield code="d">10053</subfield>
  </datafield>
  <datafield tag="952" ind1=" " ind2=" ">
    <subfield code="0">0</subfield>
    <subfield code="1">0</subfield>
    <subfield code="4">0</subfield>
    <subfield code="7">0</subfield>
    <subfield code="a">BRL</subfield>
    <subfield code="b">BRL</subfield>
    <subfield code="d">2013-12-04</subfield>
    <subfield code="i">Au1428</subfield>
    <subfield code="l">0</subfield>
    <subfield code="o">ND259.S56 .F67 2000 (Au1428)</subfield>
    <subfield code="p">GRL01359</subfield>
    <subfield code="r">2019-03-22 00:00:00</subfield>
    <subfield code="w">2019-03-22</subfield>
    <subfield code="y">B</subfield>
  </datafield>
</record>
